000 01049nam a2200289 i 4500
001 13367
003 KOSZ 005
005 20230207144404.0
008 071201s1971 pl a f f 001 0 pol
015 _aPB 1971/2895
040 _aWA N
_cWA N
_dKOSZ 005/RW
080 _a54
100 1 _aBielański, Adam
_d(1912-2016)
_eAutor
245 1 0 _aChemia ogólna i nieorganiczna :
_bpodręcznik chemii nieorganicznej dla studiów uniwerstyteckich /
_cAdam Bielański.
260 _aWarszawa :
_bPaństwowe Wydawnictwo Naukowe,
_c1970.
300 _a705, [2] stron :
_bilustracje, errata ;
_c25 cm.
336 _aTekst
_btxt
_2rdacontent
337 _aBez urządzenia pośredniczącego
_bn
_2rdamedia
338 _aWolumin
_bnc
_2rdacarrier
380 _aKsiążki.
504 _aIndeks.
650 _aChemia nieorganiczna
658 _aChemia
710 2 _aPaństwowe Wydawnictwo Naukowe
_4pbl.
856 _uhttp://koha.tu.koszalin.pl/cgi-bin/koha/opac-detail.pl?biblionumber=13367
_yKatalog online BPK
942 _2UKD
_cKS
999 _c13367
_d13367